The Long Good Friday /
I tiakina i:
| Kaituhi matua: | |
|---|---|
| Ētahi atu kaituhi: | , , , , , , , |
| Hōputu: | |
| Reo: | Ingarihi |
| I whakaputaina: |
Londres, Inglaterra :
Handmade Films,
1979, c1979
|
| Rangatū: | (Criterion Collection ;
26) |
| Ngā marau: | |
| Ngā Tūtohu: |
Kāore He Tūtohu, Me noho koe te mea tuatahi ki te tūtohu i tēnei pūkete!
|
MARC
| LEADER | 00000ngm^a2200000^a^4500 | ||
|---|---|---|---|
| 001 | 000287051 | ||
| 005 | 20251020000000.0 | ||
| 009 | 20260310111827.535 | ||
| 020 | |a 1-55940-891-X | ||
| 037 | |a Acervo ITESO - Biblioteca | ||
| 041 | |a ING | ||
| 082 | |a 808. 8 |b CRI V. 26 | ||
| 100 | |a Mackenzie, John |e (realización) | ||
| 240 | 1 | 4 | |a [El largo Viernes Santo] |
| 245 | 1 | 4 | |a The Long Good Friday / |c Realización de J. Mackenzie. |
| 246 | 2 | |a Título en México: no conocido/no identificado | |
| 246 | 2 | |a Título alternativo en español (España): El largo Viernes Santo | |
| 264 | 4 | |a Londres, Inglaterra : |b Handmade Films, |c 1979, c1979 | |
| 264 | 2 | |a Nueva York, EUA : |b Criterion Collection [distribución], |c 1998, c1998 | |
| 300 | |a 1 DVD sin dato de región |c (114 min.) + |e 1 díptico | ||
| 336 | |a imagen móvil bidimensional |b tdi |2 rdacontenido | ||
| 337 | |a video |b v |2 rdamedio | ||
| 338 | |a videodisco |b vd |2 rdasoporte | ||
| 440 | 1 | |a (Criterion Collection ; |v 26) | |
| 649 | |a XX | ||
| 650 | |a Cineastas Escoceses | ||
| 650 | |a Mafia en el Cine | ||
| 650 | |a Cine Social y Político | ||
| 650 | |a Películas Policíacas | ||
| 650 | |a Cine Inglés - |y 1970-1979 | ||
| 650 | |a Cine Inglés - |y Siglo XX | ||
| 650 | |a Traición | ||
| 650 | |a Conducta de Vida | ||
| 650 | |a Crimen Organizado - |z Inglaterra | ||
| 650 | |a Terrorismo - |z Gran Bretaña - |x Historia - |y 1976-1990 | ||
| 650 | |a Terrorismo - |z Gran Bretaña - |x Historia - |y Isabel II, 1952 en Adelante | ||
| 650 | |a Terrorismo - |z Gran Bretaña - |x Historia - |y Siglo XX | ||
| 650 | |a Terrorismo - |z Gran Bretaña - |x Historia - |y Período Victoriano y Casa de Windsor, 1837 en Adelante | ||
| 650 | |a Londres, Inglaterra en el Cine | ||
| 650 | |a Ejército Republicano Irlandés | ||
| 740 | 4 | |a "The Long Good Friday" / |c Texto de M. Sragow. | |
| 700 | |a Keeffe, Barrie |e (guión) | ||
| 700 | |a Meheux, Phil |e (fotógrafo) | ||
| 700 | |a Taylor, Mike |e (montaje) | ||
| 700 | |a Monkman, Francis |e (música) | ||
| 700 | |a Hoskins, Bob |e (actuación) | ||
| 700 | |a Mirren, Helen |e (actuación) | ||
| 700 | |a King, Dave |e (actuación) | ||
| 700 | |a Sragow, Michael |e (texto) | ||
| 910 | |a Fondo General | ||
| 920 | |a Audiovisuales - DVDs | ||
| 940 | |a Películas | ||
| 905 | |a 308 | ||
| 901 | |a 0500173046 |b IT2 |c DVR |u 20250521 | ||
| 901 | |a 0500173047 |b IT2 |c MIN |u 20251020 | ||
| 902 | |a https://opac.biblio.iteso.mx/vufind/Record/000287051 | ||